Faktory úspešnosti procesu nástupníctva mikro, malých a stredných rodinných podnikov na Slovensku kvalitatívne a kvantitatívne prístupy k analýze a riešeniam
Na minha lista:
| Autor principal: | |
|---|---|
| Outros Autores: | , |
| Formato: | Livro |
| Idioma: | eslovaco |
| Publicado em: |
Nitra
Slovenská poľnohospodárska univerzita v Nitre
2023
|
| Edição: | 1. vydanie |
| Assuntos: | |
| Tags: |
Sem tags, seja o primeiro a adicionar uma tag!
|
MARC
| LEADER | 00000nam a2200000 4500 | ||
|---|---|---|---|
| 001 | 0315101 | ||
| 005 | 20260313143616.0 | ||
| 020 | |a 978-80-552-2691-0 | ||
| 041 | 0 | |a slo | |
| 044 | |a SK | ||
| 245 | 1 | 0 | |a Faktory úspešnosti procesu nástupníctva mikro, malých a stredných rodinných podnikov na Slovensku |b kvalitatívne a kvantitatívne prístupy k analýze a riešeniam |c Zuzana Lušňáková, Zuzana Juríčková, Renata Benda-Prokeinová |
| 250 | |a 1. vydanie | ||
| 264 | 1 | |a Nitra |b Slovenská poľnohospodárska univerzita v Nitre |c 2023 | |
| 300 | |a 61 s. | ||
| 610 | 2 | 0 | |a podnikanie rodinné |
| 610 | 2 | 0 | |a podnik rodinný |
| 610 | 2 | 0 | |a podnik malý |
| 610 | 2 | 0 | |a podnik stredný |
| 610 | 2 | 0 | |a podnikanie malé |
| 610 | 2 | 0 | |a podnikanie stredné |
| 100 | 1 | |a Lušňáková, Zuzana | |
| 700 | 1 | |a Juríčková, Zuzana | |
| 700 | 1 | |a Benda-Prokeinová, Renata | |